000 01239nam0a2200349 4500
001 RU\NLR\bibl\1055190
005 20250615035200.0
010 _a5-17-035900-4
_bАСТ
010 _a5-271-15645-1
_bАстрель
_910000
021 _aRU
_b2007-3485
_9173
035 _a(nilc)RSL-KNO-003032104
035 _a(NLR Aleph) 001042485
090 _a827458
_c827458
100 _a20070213d2007 |||y0rusy50 ca
101 1 _arus
_ceng
102 _aRU
105 _aa |||||||||
200 1 _aНумерология счастливых чисел
_eкнига гаданий
_f[пер. с англ. А. В. Банкрашкова]
210 _aМосква
_cАстрель
_cАСТ
_d2007
215 _a511 с.
_cил.
_d15
320 _aАлф. указ.: с. 506-511
606 1 _aНумерология
_92073670
_3RU\NLR\auth\661248595
610 0 _aРелигия -- Вневероисповедные формы религии -- Мантика -- Нумерология
686 _aЭ391.219,0
_2rubbk
686 _aЭ391.219
801 0 _aRU
_bРКП
_c20070213
_grcr
801 1 _aRU
_bРГБ
_c20070213
801 2 _aRU
_bNLR
_c20070306
_grcr
942 _cBOOK
980 _aNB